| 000 | 00440nam a2200097Ia 4500 | ||
|---|---|---|---|
| 008 | 160329s9999 xx 000 0 und d | ||
| 245 | _aDigital Library of Information Science and Technology | ||
| 500 | _aContains published and unpublished papers, data sets instructional and help materials, pathfinder , reports & bibliographies. | ||
| 650 | _aInformation Technology. | ||
| 856 | _uhttp://arizona.openrepository.com/arizona/handle/10150/105067 | ||
| 999 |
_c292988 _d292988 |
||